Statistics for Least/Most Literate Countries

Click here to take the quiz!

General Stats

  • This quiz has been taken 23 times
  • The average score is 9 of 20

Answer Stats

Literacy RateCountry% Correct
40.20%Chad
87%
19.10%Niger
87%
36.80%Central African Republic
80%
38.70%Mali
80%
36.00%Burkina Faso
73%
27.00%South Sudan
73%
30.40%Guinea
53%
38.20%Afghanistan
47%
38.40%Benin
40%
99.80%Estonia
40%
99.90%Latvia
40%
99.80%Lithuania
40%
100.00%North Korea
40%
99.80%Cuba
33%
43.10%Côte d'Ivoire
27%
99.80%Poland
27%
99.80%Tajikistan
27%
99.80%Kazakhstan
20%
99.80%Azerbaijan
7%
99.80%Georgia
7%

Score Distribution

Percentile by Number Answered

Percent of People with Each Score

Your Score History

You have not taken this quiz